El Hombre: Inmanencia y trascendencia

Guardado en:
Bibliografiske detaljer
Institution som forfatter: Universidad de Navarra
Format: Bog
Sprog:Undetermined
Udgivet: Pamplona, España Servicio de Publicaciones de la Universidad de Navarra 1991
Fag:
Tags: Tilføj Tag
Ingen Tags, Vær først til at tagge denne postø!

MARC

LEADER 00000nam a2200000Ia 4500
008 170316s9999 xx 000 0 und d
090 |a 100 U-6h v.2 
110 |a Universidad de Navarra 
245 |a El Hombre: Inmanencia y trascendencia 
260 |a Pamplona, España 
260 |b Servicio de Publicaciones de la Universidad de Navarra 
260 |c 1991 
300 |a 1596 páginas Vol. 2 
650 |a FILOSOFÍA 
650 |a ACTAS XXV REUNIONES FILOSÓFICAS DE LA UNIVERSIDAD DE NAVARRA 
650 |a ACERCAMIENTOS HISTORIOGRÁFICOS 
650 |a METAFÍSICA ANTROPOLÓGICA 
650 |a ÉTICA 
650 |a ESTÉTICA 
650 |a FE 
650 |a CULTURA 
999 |c 17824  |d 17824 
040 |a cru BVZT 
942 |c 15 D  |h 100 U-6h v.2  |2 z